| 000 | 00457nam a22001697a 4500 | ||
|---|---|---|---|
| 005 | 20250911114701.0 | ||
| 008 | 220616b ||||| |||| 00| 0 eng d | ||
| 020 | _a978-93-91211-660 | ||
| 041 | _aeng | ||
| 082 | _a346.01 SAX-F | ||
| 100 |
_aSAXENA, DR. POONAM PRADHAN _98680 |
||
| 245 | _aFAMILY LAW LECTURES FAMILY LAW - II 5TH ED. 2022 | ||
| 260 |
_bGURGAON _aLEXIS NIXIS _c2022 |
||
| 300 | _a646;P | ||
| 650 |
_aLEGAL STUDIES _98608 |
||
| 942 | _cBK | ||
| 999 |
_c8012 _d8010 |
||